|
|
|
|
| LEADER |
00000nta a2200000 i 4500 |
| 001 |
dolg4686 |
| 005 |
20160526142725.0 |
| 008 |
151215suuuu hu om 000 hun d |
| 040 |
|
|
|a BGE Dolgozattár Repozitórium
|b hun
|
| 041 |
|
|
|a hu
|
| 100 |
1 |
|
|a Péntek Beatrix
|
| 245 |
1 |
2 |
|a A hazai kis- és középvállalakozások helyzetének áttekintése, egy franchise rendszerben tevékenykedő mikrovállalkozás működésének bemutatása
|c Péntek Beatrix
|h [elektronikus dokumentum]
|
| 695 |
|
|
|a Kkv
|
| 695 |
|
|
|a Franchise
|
| 700 |
1 |
|
|a Czakó Dezső
|e ths
|
| 856 |
4 |
0 |
|u http://dolgozattar.uni-bge.hu/4686/1/P%C3%A9ntek_Beatrix_DEC6NH_Szakdolgozat.pdf
|z Dokumentum-elérés
|
| 856 |
4 |
0 |
|u http://dolgozattar.uni-bge.hu/4686/2/Hivatalos_bejegyz%C3%A9s_P%C3%A9ntek_Beatrix_DEC6NH%20%281%29.pdf
|z Dokumentum-elérés
|